[Event "Mondariz op 9th"]
[Site "Mondariz Balneario"]
[Date "2011.08.26"]
[Round "5.30"]
[White "Costa, Andre Milheiro"]
[Black "Sio Areal, Manuel"]
[Result "1-0"]
[WhiteElo "1321"]
[BlackElo "1438"]
[PlyCount "91"]
[EventDate "2011.08.22"]
[EventType "swiss"]
[EventRounds "7"]
[EventCountry "ESP"]
[SourceTitle "EXT 2024"]
[Source "ChessBase"]
[SourceDate "2023.10.10"]
[SourceVersion "1"]
[SourceVersionDate "2023.10.10"]
[SourceQuality "1"]

1. c4 c5 2. Nc3 Nf6 3. Nf3 e6 4. g3 b6 5. Bg2 Bb7 6. 0-0 Be7 7. d3 0-0 8. a3 a6 9. Rb1 Nc6 10. Ne1 Qc7 11. Nc2 Rad8 12. Bf4 Bd6 13. Bxd6 Qxd6 14. b4 Ba8 15. b5 axb5 16. Nxb5 Qb8 17. Qd2 d5 18. Qc3 d4 19. Qd2 Rfe8 20. Rb2 e5 21. Rfb1 e4 22. a4 e3 23. fxe3 dxe3 24. Nxe3 Qe5 25. Nd5 Nxd5 26. Bxd5 Nd4 27. Bxa8 Nxe2+ 28. Kh1 Rxa8 29. Rf1 Re6 30. Rf2 Nxg3+ 31. hxg3 Qxg3 32. Rb1 Rae8 33. Rg1 Re1 34. Rxe1 Qh4+ 35. Kg2 Qg4+ 36. Kf1 Qh3+ 37. Rg2 Qh1+ 38. Rg1 Qf3+ 39. Qf2 Qxd3+ 40. Kg2 Qg6+ 41. Kh3 Qh5+ 42. Qh4 Qf3+ 43. Qg3 Qf5+ 44. Kh2 Rxe1 45. Rxe1 Qc2+ 46. Qg2 1-0

[Event "Mondariz op 9th"]
[Site "Mondariz Balneario"]
[Date "2011.08.24"]
[Round "3.26"]
[White "Costa, Andre Milheiro"]
[Black "Torrado Bea, Francisco Ramon"]
[Result "0-1"]
[WhiteElo "1321"]
[BlackElo "1790"]
[PlyCount "100"]
[EventDate "2011.08.22"]
[EventType "swiss"]
[EventRounds "7"]
[EventCountry "ESP"]
[SourceTitle "EXT 2024"]
[Source "ChessBase"]
[SourceDate "2023.10.10"]
[SourceVersion "1"]
[SourceVersionDate "2023.10.10"]
[SourceQuality "1"]

1. c4 Nf6 2. Nc3 Nc6 3. Nf3 d6 4. d4 Bf5 5. g3 Qd7 6. Bg2 h6 7. 0-0 Bh3 8. Bd2 Bxg2 9. Kxg2 Ng4 10. Rb1 e5 11. dxe5 Ngxe5 12. Nxe5 Nxe5 13. b3 h5 14. Bf4 Ng6 15. Be3 h4 16. Rh1 h3+ 17. Kg1 Be7 18. f3 c6 19. Kf2 Ne5 20. Bd4 Bf6 21. Re1 b6 22. Ne4 0-0-0 23. Nxf6 gxf6 24. Bxe5 fxe5 25. e4 f5 26. b4 Qf7 27. Qd3 fxe4 28. Qxe4 Qc7 29. a4 Rhe8 30. a5 d5 31. axb6 Qxb6+ 32. c5 Qc7 33. Qf5+ Qd7 34. Rxe5 Qxf5 35. Rxf5 d4 36. Rh5 d3 37. Rxh3 Re2+ 38. Kf1 Rde8 39. Rd1 d2 40. Rxd2 Rxd2 41. g4 Re3 42. g5 Rb3 43. Rh8+ Kd7 44. Rh7+ Ke8 45. Rh8+ Kf7 46. Rh7+ Kg6 47. Re7 Rxf3+ 48. Ke1 Rxh2 49. Rxa7 Rb3 50. Ra1 Rbb2 0-1